Statistics for Match the canal to the city

Click here to take the quiz!

General Stats

  • This quiz has been taken 17 times
  • The average score is 7 of 20

Answer Stats

HintAnswer% Correct
Forth and Clyde CanalGlasgow
81%
Suez CanalPort Said
81%
Corinth CanalIsthmia
63%
Erie CanalAlbany
56%
Panama CanalBalboa
56%
HerengrachtAmsterdam
50%
Vaskjala–Ülemiste KanalTallinn
50%
Dnieper–Bug CanalPinsk
44%
Canal du MidiBéziers
31%
Kiel CanalBrunsbüttel
31%
Manchester Ship CanalEllesmere Port
31%
Main-Danube CanalNuremberg
31%
Caledonian CanalFort William
25%
Chambly CanalSaint-Jean-sur-Richelieu
25%
AugustijnenreiBruges
19%
Mittelland canalHannover
19%
Gabkhan ChannelPirojpur
19%
Volga-Don CanalKirova
13%
Grand CanalHangzhou
6%
Lake Biwa CanalKyoto
6%

Score Distribution

Percentile by Number Answered

Percent of People with Each Score

Your Score History

You have not taken this quiz